[Event "CHN Nat Games qual tt 15th"]
[Site "Huairou District"]
[Date "2025.06.12"]
[Round "4.11"]
[White "Shen, Yang"]
[Black "Hu, Yu A"]
[Result "1/2-1/2"]
[WhiteElo "2389"]
[BlackElo "2079"]
[PlyCount "41"]
[EventDate "2025.06.11"]
[EventType "team-swiss (rapid)"]
[EventRounds "7"]
[EventCountry "CHN"]
[SourceTitle "CB25_2025"]
[SourceDate "2025.06.18"]
[SourceVersion "1"]
[SourceVersionDate "2025.06.18"]
[SourceQuality "1"]
[WhiteTeam "Jiangsu Province"]
[BlackTeam "Heilongjiang Province"]
[WhiteTeamCountry "CHN"]
[BlackTeamCountry "CHN"]

1. d4 Nf6 2. c4 e6 3. Nc3 d5 4. cxd5 Nxd5 5. e4 Nxc3 6. bxc3 c5 7. Rb1 Be7 8. Bb5+ Nd7 9. Nf3 0-0 10. 0-0 Nf6 11. Qe2 Qc7 12. Ne5 a6 13. Bd3 Rd8 14. Be3 b5 15. a4 Bb7 16. axb5 axb5 17. Rxb5 Bxe4 18. Bxe4 Nxe4 19. Qf3 f5 20. Bf4 Bd6 21. Nd3 1/2-1/2

[Event "CHN-chT (Women)"]
[Site "Hebei"]
[Date "2025.05.03"]
[Round "9.1"]
[White "Shen, Yang"]
[Black "Liu, Manli"]
[Result "0-1"]
[WhiteElo "2401"]
[BlackElo "2048"]
[PlyCount "92"]
[EventDate "2025.04.25"]
[EventType "team-swiss"]
[EventRounds "9"]
[EventCountry "CHN"]
[SourceTitle "CB20_2025"]
[SourceDate "2025.05.14"]
[SourceVersion "1"]
[SourceVersionDate "2025.05.14"]
[SourceQuality "1"]
[WhiteTeam "Jiangsu (W)"]
[BlackTeam "Guangdong (W)"]
[WhiteTeamCountry "CHN"]
[BlackTeamCountry "CHN"]

1. d4 e6 2. c4 Nf6 3. Nf3 d5 4. Nc3 Be7 5. cxd5 exd5 6. Bf4 c6 7. h3 Bf5 8. e3 Qb6 9. Qc1 h6 10. Be2 Nbd7 11. 0-0 0-0 12. Bh2 Ne4 13. Ne5 Rad8 14. Na4 Qa5 15. b3 Nxe5 16. Bxe5 f6 17. Bh2 b5 18. Nc5 Nxc5 19. dxc5 Qb4 20. Rd1 Rc8 21. Bf3 Rfd8 22. g4 Be6 23. Qc2 Qxc5 24. Qg6 Qb6 25. Bf4 Bf7 26. Qf5 Qb7 27. Be2 c5 28. Bxh6 gxh6 29. Bd3 Kf8 30. Qh7 Ke8 31. a4 a6 32. axb5 axb5 33. Qxh6 Rd6 34. Qh7 Be6 35. Ra5 c4 36. bxc4 dxc4 37. Bg6+ Kd7 38. Rda1 Rc7 39. Ra8 Kc6 40. Qh5 Kb6 41. Be4 Bd5 42. Bc2 Qxa8 43. Rxa8 Bxa8 44. Qe8 Bb7 45. h4 Rd2 46. Bf5 c3 0-1

[Event "Shenzhen (Women)"]
[Site "Shenzhen"]
[Date "2024.11.21"]
[Round "1.2"]
[White "Shen, Yang"]
[Black "Sun, Fanghui"]
[Result "1-0"]
[WhiteElo "2402"]
[BlackElo "2208"]
[PlyCount "53"]
[EventDate "2024.11.21"]
[EventType "k.o."]
[EventRounds "4"]
[EventCountry "CHN"]
[SourceTitle "CB49_2024"]
[SourceDate "2024.12.04"]
[SourceVersion "1"]
[SourceVersionDate "2024.12.04"]
[SourceQuality "1"]

1. d4 Nf6 2. Nf3 g6 3. Nbd2 d5 4. b4 a5 5. b5 Bg7 6. e3 0-0 7. Be2 c5 8. bxc6 bxc6 9. Ba3 Na6 10. 0-0 c5 11. c4 Ne4 12. Rc1 Nb4 13. cxd5 Nxd2 14. Qxd2 cxd4 15. Nxd4 Bb7 16. e4 e6 17. Nb3 Re8 18. Nc5 Qb6 19. dxe6 fxe6 20. Bc4 Kh8 21. Nxb7 Qxb7 22. Qe2 Rad8 23. Bb2 Nc6 24. Bb5 Rc8 25. Bxg7+ Kxg7 26. Ba6 Nd4 27. Qd3 1-0

[Event "CHN-chT Div-A"]
[Site "Fuling"]
[Date "2024.07.08"]
[Round "11.4"]
[White "Hou, Yifan"]
[Black "Shen, Yang"]
[Result "1/2-1/2"]
[WhiteElo "2632"]
[BlackElo "2394"]
[PlyCount "63"]
[EventDate "2024.06.26"]
[EventType "team-swiss"]
[EventRounds "11"]
[EventCountry "CHN"]
[SourceTitle "CBM 221 Extra"]
[Source "ChessBase"]
[SourceDate "2024.09.30"]
[SourceVersion "1"]
[SourceVersionDate "2024.09.30"]
[SourceQuality "1"]
[WhiteTeam "Shandong"]
[BlackTeam "Jiangshu"]
[WhiteTeamCountry "CHN"]
[BlackTeamCountry "CHN"]

1. d4 d5 2. Nc3 Nf6 3. Bf4 c6 4. e3 Bf5 5. Bd3 Bg6 6. h4 e6 7. h5 Bxd3 8. cxd3 h6 9. Nf3 Nbd7 10. a3 Be7 11. Ne5 Qb6 12. Na4 Qb5 13. Rh3 Nxe5 14. Bxe5 Rg8 15. Rg3 Nxh5 16. Qxh5 Qxa4 17. Rf3 Qc2 18. Rd1 Qxb2 19. Rxf7 g6 20. Rxe7+ Kxe7 21. Qxh6 Raf8 22. Qh7+ Rf7 23. Bd6+ Kxd6 24. Qxf7 Rh8 25. Rd2 Qc1+ 26. Ke2 Rh1 27. Qf4+ Ke7 28. Qc7+ Kf6 29. Qd8+ Kf7 30. Qc7+ Kf6 31. Qf4+ Kg7 32. Qc7+ 1/2-1/2

[Event "CHN-chT Div-A"]
[Site "Fuling"]
[Date "2024.07.03"]
[Round "7.4"]
[White "Zhao, Yunqing"]
[Black "Shen, Yang"]
[Result "0-1"]
[WhiteElo "1986"]
[BlackElo "2394"]
[PlyCount "114"]
[EventDate "2024.06.26"]
[EventType "team-swiss"]
[EventRounds "11"]
[EventCountry "CHN"]
[SourceTitle "CBM 221 Extra"]
[Source "ChessBase"]
[SourceDate "2024.09.30"]
[SourceVersion "1"]
[SourceVersionDate "2024.09.30"]
[SourceQuality "1"]
[WhiteTeam "Shenzhen Qiyuwenhua"]
[BlackTeam "Jiangshu"]
[WhiteTeamCountry "CHN"]
[BlackTeamCountry "CHN"]

1. d4 d5 2. c4 c6 3. Nf3 Nf6 4. Qc2 dxc4 5. Qxc4 Bg4 6. Nbd2 e6 7. g3 Nbd7 8. Bg2 Be7 9. 0-0 0-0 10. Ne5 Bh5 11. Ndf3 Rc8 12. b4 Nb6 13. Qb3 Qd5 14. Rb1 Ng4 15. e3 Nxe5 16. Nxe5 Qxb3 17. Rxb3 f6 18. Bf3 Bxf3 19. Nxf3 Rfd8 20. e4 Nc4 21. Be3 a6 22. Rd1 Kf7 23. Nd2 Nd6 24. Kf1 e5 25. Ke2 exd4 26. Bxd4 Nb5 27. Nf3 c5 28. bxc5 Bxc5 29. Bxc5 Rxd1 30. Kxd1 Rxc5 31. Kd2 Rc4 32. e5 Ra4 33. Rb2 Ra3 34. Ne1 fxe5 35. Nd3 e4 36. Nc5 Nd6 37. Ke2 b5 38. Rd2 Ke7 39. Rc2 a5 40. Nb3 Nf5 41. Ke1 a4 42. Nd2 Nd4 43. Rb2 e3 44. Nb1 exf2+ 45. Kxf2 Rd3 46. Rd2 Rxd2+ 47. Nxd2 Ke6 48. Ke1 Kf5 49. h3 Ke5 50. Kd1 h5 51. Ke1 Nc2+ 52. Ke2 Kd4 53. Nb1 Nb4 54. a3 Nd5 55. Kd2 Ne3 56. Ke2 Nc4 57. g4 h4 0-1

[Event "CHN-chT Div A Finals"]
[Site "Nanjing"]
[Date "2023.12.03"]
[Round "2.20"]
[White "Shen, Yang"]
[Black "Li, Xueyi"]
[Result "1/2-1/2"]
[WhiteElo "2397"]
[BlackElo "2245"]
[PlyCount "71"]
[EventDate "2023.12.02"]
[EventType "team-tourn"]
[EventRounds "10"]
[EventCountry "CHN"]
[SourceTitle "CBM 217 Extra"]
[Source "ChessBase"]
[SourceDate "2024.01.31"]
[SourceVersion "1"]
[SourceVersionDate "2024.01.31"]
[SourceQuality "1"]
[WhiteTeam "Jiangsu"]
[BlackTeam "Shenzhen Pengcheng"]
[WhiteTeamCountry "CHN"]
[BlackTeamCountry "CHN"]

1. d4 d5 2. c4 e6 3. Nc3 c5 4. cxd5 exd5 5. Nf3 Nc6 6. dxc5 d4 7. Na4 Bxc5 8. Nxc5 Qa5+ 9. Bd2 Qxc5 10. Rc1 Qb6 11. e3 Nf6 12. Bc4 dxe3 13. Bxe3 Qb4+ 14. Bd2 Qe7+ 15. Qe2 Qxe2+ 16. Kxe2 0-0 17. Rhd1 Re8+ 18. Kf1 Be6 19. Bxe6 Rxe6 20. Bc3 Rae8 21. Nd4 Nxd4 22. Bxd4 a6 23. Rc7 b6 24. Bc3 Ne4 25. Be1 h5 26. f3 Nd6 27. Bb4 Nf5 28. Rdd7 Ne3+ 29. Kf2 Rg6 30. g3 Rf6 31. Re7 Rxe7 32. Bxe7 Ng4+ 33. Kg2 Ne3+ 34. Kf2 Ng4+ 35. Kg2 Ne3+ 36. Kf2 1/2-1/2

[Event "WchT (Women) Pool-B"]
[Site "Bydgoszcz"]
[Date "2023.09.08"]
[Round "5.1"]
[White "Cori Tello, Deysi Estella"]
[Black "Shen, Yang"]
[Result "1/2-1/2"]
[WhiteElo "2367"]
[BlackElo "2397"]
[PlyCount "138"]
[EventDate "2023.09.06"]
[EventType "team (rapid)"]
[EventRounds "5"]
[EventCountry "POL"]
[SourceTitle "CBM 216 Extra"]
[Source "ChessBase"]
[SourceDate "2023.11.30"]
[SourceVersion "1"]
[SourceVersionDate "2023.11.30"]
[SourceQuality "1"]
[WhiteTeam "FIDE Americas (W)"]
[BlackTeam "China (W)"]
[BlackTeamCountry "CHN"]

1. b3 d5 2. Bb2 Bf5 3. Nf3 e6 4. g3 Nf6 5. Bg2 h6 6. 0-0 Be7 7. d3 0-0 8. Nbd2 a5 9. c4 c6 10. a3 Bh7 11. h3 Na6 12. Ne5 Re8 13. Kh2 Nd7 14. f4 Nxe5 15. fxe5 Bg5 16. Nf3 Be3 17. Bc1 Qb6 18. Bxe3 Qxe3 19. Qd2 Qxd2 20. Nxd2 Nc5 21. Rac1 Nd7 22. Nf3 Rec8 23. g4 Kf8 24. Rc3 Ke7 25. Rfc1 Kd8 26. h4 b5 27. Kg3 b4 28. axb4 axb4 29. R3c2 dxc4 30. Rxc4 c5 31. Kf4 Ra2 32. Nd4 Ke7 33. Nc6+ Kf8 34. Bf3 Rb2 35. Na5 Rb8 36. d4 g5+ 37. hxg5 hxg5+ 38. Kxg5 Kg7 39. Nc6 Rc8 40. Na5 Rb8 41. Kf4 cxd4 42. Nc6 Rb5 43. Nxd4 Rxe5 44. Rc7 Ra5 45. Nxe6+ Kf6 46. Nd4 Nf8 47. R1c6+ Kg7 48. Nf5+ Bxf5 49. gxf5 Rd2 50. f6+ Kh6 51. Rxf7 Ng6+ 52. Ke3 Rb2 53. Rb7 Rxb3+ 54. Kf2 Rc3 55. Rcb6 Rf5 56. f7 Kg5 57. Rb5 Rc8 58. Rxb4 Ne5 59. Rb1 Rxf7 60. Rg1+ Kf6 61. Rb6+ Ke7 62. Rg5 Nxf3 63. exf3 Rc7 64. Re5+ Kd7 65. Kg3 Rf8 66. Rd5+ Ke7 67. Rh6 Rc3 68. Re5+ Kd7 69. Rd5+ Kc7 1/2-1/2

[Event "CHN-chT DivA"]
[Site "Fuling"]
[Date "2023.06.17"]
[Round "11.4"]
[White "Shen, Yang"]
[Black "Huang, Qian"]
[Result "1/2-1/2"]
[WhiteElo "2399"]
[BlackElo "2431"]
[PlyCount "65"]
[EventDate "2023.06.05"]
[EventType "team-tourn"]
[EventRounds "11"]
[EventCountry "CHN"]
[SourceTitle "CBM 214 Extra"]
[Source "ChessBase"]
[SourceDate "2023.07.31"]
[SourceVersion "1"]
[SourceVersionDate "2023.07.31"]
[SourceQuality "1"]
[WhiteTeam "Jiangsu"]
[BlackTeam "Chongqing Sports Lottery"]
[WhiteTeamCountry "CHN"]
[BlackTeamCountry "CHN"]

1. d4 d5 2. Nf3 Nf6 3. c4 dxc4 4. e3 e6 5. Bxc4 c5 6. 0-0 Nc6 7. Nc3 a6 8. a4 Be7 9. Qe2 cxd4 10. Rd1 e5 11. exd4 exd4 12. Nxd4 Nxd4 13. Qe5 Qd6 14. Qxd4 Qxd4 15. Rxd4 Be6 16. Bxe6 fxe6 17. Ne4 Rd8 18. Nxf6+ gxf6 19. Rxd8+ Kxd8 20. Be3 Kd7 21. Rd1+ Kc6 22. Kf1 h5 23. Ke2 Bd6 24. h3 Rg8 25. Kf3 b5 26. axb5+ axb5 27. g4 hxg4+ 28. hxg4 Rh8 29. Rc1+ Kd5 30. Rd1+ Kc6 31. Rc1+ Kd5 32. Rd1+ Kc6 33. Rc1+ 1/2-1/2

[Event "CHN-chT (Women)"]
[Site "Nanjing"]
[Date "2023.02.21"]
[Round "8.1"]
[White "Shen, Yang"]
[Black "Ning, Kaiyu"]
[Result "1/2-1/2"]
[WhiteElo "2401"]
[BlackElo "2387"]
[PlyCount "64"]
[EventDate "2023.02.14"]
[EventType "team-swiss"]
[EventRounds "9"]
[EventCountry "CHN"]
[SourceTitle "CBM 212 Extra"]
[Source "ChessBase"]
[SourceDate "2023.03.31"]
[SourceVersion "1"]
[SourceVersionDate "2023.03.31"]
[SourceQuality "1"]
[WhiteTeam "Jiangsu (W)"]
[BlackTeam "Shanghai (W)"]
[WhiteTeamCountry "CHN"]
[BlackTeamCountry "CHN"]

1. d4 d5 2. c4 e6 3. Nf3 Nf6 4. Nc3 c5 5. cxd5 cxd4 6. Qxd4 exd5 7. e4 dxe4 8. Qxd8+ Kxd8 9. Ng5 Be6 10. Nxe6+ fxe6 11. Bg5 Nc6 12. 0-0-0+ Ke8 13. Bb5 Rc8 14. Kb1 Bb4 15. Bxf6 gxf6 16. Nxe4 f5 17. Nd6+ Bxd6 18. Rxd6 Ke7 19. Rhd1 Rhd8 20. Rxd8 Rxd8 21. Rxd8 Nxd8 22. g3 Kd6 23. Kc2 e5 24. Kd3 e4+ 25. Ke3 Ke5 26. Bc4 Nc6 27. f4+ exf3 28. Kxf3 Nd4+ 29. Ke3 Nc2+ 30. Kf3 Nd4+ 31. Ke3 Nc2+ 32. Kf3 Nd4+ 1/2-1/2

[Event "CHN-chT (Women)"]
[Site "Nanjing"]
[Date "2023.02.20"]
[Round "7.1"]
[White "Shen, Yang"]
[Black "Lu, Miaoyi"]
[Result "1-0"]
[WhiteElo "2401"]
[BlackElo "2362"]
[PlyCount "67"]
[EventDate "2023.02.14"]
[EventType "team-swiss"]
[EventRounds "9"]
[EventCountry "CHN"]
[SourceTitle "CBM 212 Extra"]
[Source "ChessBase"]
[SourceDate "2023.03.31"]
[SourceVersion "1"]
[SourceVersionDate "2023.03.31"]
[SourceQuality "1"]
[WhiteTeam "Jiangsu (W)"]
[BlackTeam "Hangzhou (W)"]
[WhiteTeamCountry "CHN"]
[BlackTeamCountry "CHN"]

1. d4 d5 2. c4 e6 3. Nc3 c5 4. cxd5 exd5 5. Nf3 Nf6 6. Bg5 c4 7. e3 Be6 8. Be2 Nbd7 9. Ne5 Bb4 10. Nxd7 Qxd7 11. Bxf6 gxf6 12. 0-0 0-0 13. Bf3 Bxc3 14. bxc3 Bf5 15. Re1 Rfe8 16. a4 a5 17. Re2 b5 18. axb5 Qxb5 19. Rea2 Reb8 20. h4 Qd7 21. e4 dxe4 22. Be2 Rb3 23. d5 Qb5 24. g4 Bd7 25. Qd4 Rb1+ 26. Kg2 Rxa1 27. Rxa1 Qb2 28. Re1 a4 29. Bxc4 a3 30. Qxf6 Rc8 31. h5 h6 32. g5 Rxc4 33. Re3 Qb8 34. gxh6 1-0

[Event "CHN-chT (Women)"]
[Site "Nanjing"]
[Date "2023.02.19"]
[Round "6.1"]
[White "Xiao, Yiyi"]
[Black "Shen, Yang"]
[Result "1-0"]
[WhiteElo "2357"]
[BlackElo "2401"]
[PlyCount "61"]
[EventDate "2023.02.14"]
[EventType "team-swiss"]
[EventRounds "9"]
[EventCountry "CHN"]
[SourceTitle "CBM 212 Extra"]
[Source "ChessBase"]
[SourceDate "2023.03.31"]
[SourceVersion "1"]
[SourceVersionDate "2023.03.31"]
[SourceQuality "1"]
[WhiteTeam "Tianjin (W)"]
[BlackTeam "Jiangsu (W)"]
[WhiteTeamCountry "CHN"]
[BlackTeamCountry "CHN"]

1. e4 e6 2. d4 d5 3. Nc3 h6 4. Bd3 Nc6 5. Nf3 dxe4 6. Nxe4 Nf6 7. 0-0 Be7 8. c3 Bd7 9. Qe2 Kf8 10. Bd2 a5 11. Rad1 a4 12. a3 Be8 13. Rfe1 Na5 14. c4 Nxe4 15. Bxe4 Bc6 16. Ne5 Bxe4 17. Qxe4 Bd6 18. Nxf7 Kxf7 19. Qxe6+ Kf8 20. Re3 Qf6 21. Rf3 Qxf3 22. gxf3 Nb3 23. Qf5+ Kg8 24. c5 Bf8 25. Bf4 c6 26. Be5 Rd8 27. Re1 Rd5 28. Re4 Nc1 29. Rg4 Rh7 30. Qe6+ Kh8 31. Bd6 1-0

[Event "CHN-chT (Women)"]
[Site "Nanjing"]
[Date "2023.02.18"]
[Round "5.1"]
[White "Shen, Yang"]
[Black "Wang, Yu A"]
[Result "1-0"]
[WhiteElo "2401"]
[BlackElo "2269"]
[PlyCount "85"]
[EventDate "2023.02.14"]
[EventType "team-swiss"]
[EventRounds "9"]
[EventCountry "CHN"]
[SourceTitle "CBM 212 Extra"]
[Source "ChessBase"]
[SourceDate "2023.03.31"]
[SourceVersion "1"]
[SourceVersionDate "2023.03.31"]
[SourceQuality "1"]
[WhiteTeam "Jiangsu (W)"]
[BlackTeam "Beijing (W)"]
[WhiteTeamCountry "CHN"]
[BlackTeamCountry "CHN"]

1. d4 d5 2. Nf3 Nf6 3. c4 c6 4. Nbd2 e6 5. g3 Nbd7 6. Bg2 Bd6 7. 0-0 0-0 8. Qc2 Re8 9. Rd1 Qc7 10. e4 dxe4 11. Nxe4 Nxe4 12. Qxe4 Nf6 13. Qc2 Bd7 14. c5 Be7 15. Bf4 Qc8 16. Ne5 Nd5 17. Bd2 Bf6 18. Re1 Bxe5 19. Rxe5 b6 20. Rae1 Rb8 21. f4 Qb7 22. b3 a5 23. Bc1 Qa7 24. Bf1 a4 25. bxa4 bxc5 26. dxc5 Nb4 27. Qc4 Bc8 28. f5 Ba6 29. Qe4 Bxf1 30. Rxf1 Nd5 31. Ba3 Ra8 32. fxe6 f6 33. Rh5 g6 34. Rh4 Re7 35. Qe1 Rae8 36. Re4 f5 37. Re2 Qxa4 38. Rf3 Nc7 39. Bb2 Rxe6 40. Qc3 R8e7 41. Rxe6 Nxe6 42. Qh8+ Kf7 43. Qxh7+ 1-0

[Event "CHN-chT (Women)"]
[Site "Nanjing"]
[Date "2023.02.16"]
[Round "3.1"]
[White "Huang, Qian"]
[Black "Shen, Yang"]
[Result "1/2-1/2"]
[WhiteElo "2426"]
[BlackElo "2401"]
[PlyCount "67"]
[EventDate "2023.02.14"]
[EventType "team-swiss"]
[EventRounds "9"]
[EventCountry "CHN"]
[SourceTitle "CBM 212 Extra"]
[Source "ChessBase"]
[SourceDate "2023.03.31"]
[SourceVersion "1"]
[SourceVersionDate "2023.03.31"]
[SourceQuality "1"]
[WhiteTeam "Chongqing (W)"]
[BlackTeam "Jiangsu (W)"]
[WhiteTeamCountry "CHN"]
[BlackTeamCountry "CHN"]

1. d4 d5 2. Nf3 Nf6 3. c4 c6 4. cxd5 cxd5 5. Nc3 Nc6 6. Bf4 Bf5 7. e3 e6 8. Bd3 Bg6 9. 0-0 Bd6 10. Bxd6 Qxd6 11. h3 0-0 12. Rc1 Rfc8 13. Bxg6 hxg6 14. Qd3 a6 15. a3 Nd7 16. Ne2 Ne7 17. Rxc8+ Rxc8 18. Rc1 Rxc1+ 19. Nxc1 Qc7 20. Ne2 Nf5 21. Qc3 Qxc3 22. Nxc3 Nd6 23. Nd2 g5 24. Kf1 Kf8 25. Ke2 Ke7 26. e4 dxe4 27. Ncxe4 f6 28. Nxd6 Kxd6 29. Ne4+ Kd5 30. Kd3 e5 31. Nc3+ Kd6 32. Ne4+ Kd5 33. Nc3+ Kd6 34. Ne4+ 1/2-1/2

[Event "Titled Tuesday intern op 09th Mar"]
[Site "Chess.com INT"]
[Date "2021.03.09"]
[Round "6"]
[White "Shen, Yang"]
[Black "Kusa, Jakub"]
[Result "0-1"]
[WhiteElo "2267"]
[BlackElo "2336"]
[PlyCount "84"]
[EventDate "2021.03.09"]
[EventType "swiss (blitz)"]
[EventRounds "11"]
[EventCountry "USA"]
[SourceTitle "CBM 201 Extra"]
[Source "ChessBase"]
[SourceDate "2021.05.31"]
[SourceVersion "1"]
[SourceVersionDate "2021.05.31"]
[SourceQuality "1"]

1. d4 Nf6 2. c4 e6 3. g3 d5 4. Bg2 Be7 5. Nf3 dxc4 6. 0-0 Nc6 7. Qa4 0-0 8. Qxc4 Qd5 9. Qd3 Rd8 10. Ne5 Qxd4 11. Nxc6 bxc6 12. Qxd4 Rxd4 13. Bxc6 Rb8 14. Nc3 Bb7 15. Bxb7 Rxb7 16. b3 Bb4 17. Na4 Ne4 18. Be3 Rd6 19. Bf4 Rc6 20. Rfd1 Bd6 21. f3 Nf6 22. e4 Nh5 23. e5 Nxf4 24. gxf4 Bf8 25. Rd8 g6 26. Rad1 Kg7 27. R1d2 Rb4 28. Kg2 Rxf4 29. Ra8 Rf5 30. Rdd8 Bc5 31. Rg8+ Kh6 32. Nxc5 Rxc5 33. Rxa7 Rfxe5 34. Rc8 Rc2+ 35. Kg3 Rg5+ 36. Kf4 Rf5+ 37. Kg3 Rc3 38. Raxc7 Rcxf3+ 39. Kg2 Rf2+ 40. Kg1 Rxa2 41. Rc3 Rd5 42. Rc1 Rdd2 0-1

[Event "Titled Tuesday intern op 09th Mar"]
[Site "Chess.com INT"]
[Date "2021.03.09"]
[Round "5"]
[White "Shen, Yang"]
[Black "Manukian, Artak"]
[Result "1-0"]
[WhiteElo "2267"]
[BlackElo "2196"]
[PlyCount "79"]
[EventDate "2021.03.09"]
[EventType "swiss (blitz)"]
[EventRounds "11"]
[EventCountry "USA"]
[SourceTitle "CBM 201 Extra"]
[Source "ChessBase"]
[SourceDate "2021.05.31"]
[SourceVersion "1"]
[SourceVersionDate "2021.05.31"]
[SourceQuality "1"]

1. d4 Nf6 2. c4 g6 3. Nf3 Bg7 4. g3 0-0 5. Bg2 d6 6. Nc3 c5 7. d5 e5 8. e4 Na6 9. 0-0 Nc7 10. a3 a5 11. Rb1 b6 12. b4 axb4 13. axb4 Ba6 14. Nd2 h5 15. b5 Bc8 16. Bb2 h4 17. Ra1 Rxa1 18. Qxa1 hxg3 19. fxg3 Bh6 20. Nf3 Be3+ 21. Kh1 Kg7 22. Bc1 Ng4 23. Nd1 Bxc1 24. Qxc1 Rh8 25. Kg1 Rh5 26. Nf2 Ne8 27. Qa3 Nef6 28. Nxg4 Bxg4 29. Nh4 Be2 30. Rc1 Rg5 31. Qe3 Nxe4 32. Qxe2 Nf6 33. Rf1 Nh5 34. Nf3 Rf5 35. Qd2 e4 36. Nh4 Rxf1+ 37. Bxf1 f5 38. Ng2 Qf6 39. Be2 Qa1+ 40. Qe1 1-0

[Event "World Summit (Women)"]
[Site "Xian"]
[Date "2019.12.20"]
[Round "4"]
[White "Shen, Yang"]
[Black "Kosteniuk, Alexandra"]
[Result "1-0"]
[WhiteElo "2402"]
[BlackElo "2483"]
[PlyCount "141"]
[EventDate "2019.12.19"]
[EventType "tourn (rapid)"]
[EventRounds "7"]
[EventCountry "CHN"]
[EventCategory "10"]
[SourceTitle "CBM 193 Extra"]
[Source "ChessBase"]
[SourceDate "2020.01.31"]
[SourceVersion "1"]
[SourceVersionDate "2020.01.31"]
[SourceQuality "1"]

1. d4 Nf6 2. c4 e6 3. Nf3 Bb4+ 4. Bd2 Qe7 5. g3 Bxd2+ 6. Nfxd2 h5 7. Nc3 h4 8. Bg2 Nc6 9. e3 e5 10. d5 Nb4 11. Nde4 Nxe4 12. Bxe4 Na6 13. d6 Qxd6 14. Qxd6 cxd6 15. Nb5 Ke7 16. 0-0-0 Rh6 17. gxh4 Nc5 18. Bc2 a6 19. Nc7 Rb8 20. Rhg1 Kd8 21. Nd5 Ne6 22. Rg4 b5 23. Nc3 Kc7 24. f4 Bb7 25. Nd5+ Kd8 26. f5 bxc4 27. fxe6 fxe6 28. Nc3 Bf3 29. Rxc4 Bxd1 30. Bxd1 Ke7 31. h5 g6 32. Ra4 gxh5 33. Rxa6 h4 34. Ra4 h3 35. Rg4 Rf8 36. Rg7+ Kd8 37. Ne4 Kc7 38. Ba4 Rd8 39. Ng5 Rf6 40. Nxh3 d5 41. Ng5 d4 42. Kd2 dxe3+ 43. Kxe3 Kc8 44. Nf7 Rf8 45. Nxe5 d6 46. Bd7+ Kd8 47. Nc6+ Kc7 48. Nd4 Kb6 49. Bxe6 Rf2 50. b4 Rxh2 51. a4 Re8 52. Kd3 d5 53. Bxd5 Rh3+ 54. Bf3 Rd8 55. Rf7 Rh4 56. a5+ Ka6 57. Bb7+ Ka7 58. Be4+ Ka6 59. Rf6+ Ka7 60. Ke3 Re8 61. Ne6 Rh3+ 62. Kd4 Re7 63. Bd5 Rh5 64. Nf4 Rh4 65. b5 Rg7 66. Kc5 Rh2 67. b6+ Ka6 68. Ne6 Rg4 69. Rf8 Rc2+ 70. Kd6 Kxa5 71. b7 1-0

[Event "World Summit (Women)"]
[Site "Xian"]
[Date "2019.12.20"]
[Round "7"]
[White "Shen, Yang"]
[Black "Ushenina, Anna"]
[Result "1/2-1/2"]
[WhiteElo "2402"]
[BlackElo "2416"]
[PlyCount "45"]
[EventDate "2019.12.19"]
[EventType "tourn (rapid)"]
[EventRounds "7"]
[EventCountry "CHN"]
[EventCategory "10"]
[SourceTitle "CBM 193 Extra"]
[Source "ChessBase"]
[SourceDate "2020.01.31"]
[SourceVersion "1"]
[SourceVersionDate "2020.01.31"]
[SourceQuality "1"]

1. d4 d5 2. Nf3 Nf6 3. c4 dxc4 4. e3 e6 5. Bxc4 a6 6. 0-0 b5 7. Be2 Bb7 8. a4 b4 9. Nbd2 c5 10. Nc4 Nc6 11. dxc5 Bxc5 12. b3 Qe7 13. Bb2 0-0 14. Rc1 Nd5 15. Qc2 Rac8 16. Rfd1 Rfd8 17. h3 h6 18. Rd2 Ba7 19. Qb1 Nf6 20. Rcd1 Rxd2 21. Rxd2 Rd8 22. Rxd8+ Qxd8 23. Qd1 1/2-1/2

[Event "World Summit (Women)"]
[Site "Xian"]
[Date "2019.12.19"]
[Round "3"]
[White "Tan, Zhongyi"]
[Black "Shen, Yang"]
[Result "1/2-1/2"]
[WhiteElo "2502"]
[BlackElo "2402"]
[PlyCount "84"]
[EventDate "2019.12.19"]
[EventType "tourn (rapid)"]
[EventRounds "7"]
[EventCountry "CHN"]
[EventCategory "10"]
[SourceTitle "CBM 193 Extra"]
[Source "ChessBase"]
[SourceDate "2020.01.31"]
[SourceVersion "1"]
[SourceVersionDate "2020.01.31"]
[SourceQuality "1"]

1. d4 d5 2. c4 c6 3. Nf3 Nf6 4. e3 g6 5. Nc3 Bg7 6. Be2 0-0 7. 0-0 Ne4 8. cxd5 Nxc3 9. bxc3 cxd5 10. c4 Nc6 11. Ba3 b6 12. Rc1 Bb7 13. cxd5 Qxd5 14. Qb3 Qxb3 15. axb3 Rfc8 16. d5 Ne5 17. e4 e6 18. Nxe5 Bxe5 19. dxe6 fxe6 20. Rxc8+ Rxc8 21. Bc4 Kf7 22. Rd1 Bc6 23. f4 b5 24. Be2 Bc7 25. Bc5 a5 26. e5 Bd5 27. Bxb5 Bxe5 28. Be3 Rc3 29. Rd3 Rxd3 30. Bxd3 Bc3 31. Bc2 Ke7 32. Kf2 Kd6 33. g4 Kc6 34. Ke2 Kb5 35. Kd3 Bf6 36. g5 Bg7 37. h4 e5 38. Bd2 Be6 39. Ke3 exf4+ 40. Kxf4 Bd4 41. Be1 Bd5 42. Kg4 Be6+ 1/2-1/2

[Event "CHN-chT"]
[Site "China"]
[Date "2019.11.22"]
[Round "17.6"]
[White "Li, Xueyi"]
[Black "Shen, Yang"]
[Result "1/2-1/2"]
[WhiteElo "2296"]
[BlackElo "2402"]
[PlyCount "61"]
[EventDate "2019.04.09"]
[EventType "team-tourn"]
[EventRounds "22"]
[EventCountry "CHN"]
[SourceTitle "CBM 195 Extra"]
[Source "ChessBase"]
[SourceDate "2020.05.31"]
[SourceVersion "1"]
[SourceVersionDate "2020.05.31"]
[SourceQuality "1"]
[WhiteTeam "Shenzhen Longgang"]
[BlackTeam "Jiangsu"]
[WhiteTeamCountry "CHN"]
[BlackTeamCountry "CHN"]

1. d4 d5 2. c4 dxc4 3. Nf3 Nf6 4. e3 e6 5. Bxc4 c5 6. 0-0 a6 7. Nc3 Nc6 8. Bb3 Be7 9. Qe2 cxd4 10. Rd1 e5 11. exd4 exd4 12. Ne5 Nxe5 13. Qxe5 Qd6 14. Qxd6 Bxd6 15. Rxd4 Be5 16. Rb4 0-0 17. Bf4 a5 18. Rc4 Bxf4 19. Rxf4 Ra6 20. Re1 Be6 21. Bxe6 Rxe6 22. Rxe6 fxe6 23. Ra4 b6 24. Kf1 Rc8 25. Ke2 Kf7 26. Kd3 Ke7 27. Rc4 Rd8+ 28. Rd4 Rc8 29. Rc4 Rd8+ 30. Rd4 Rc8 31. Rc4 1/2-1/2

[Event "CHN-chT"]
[Site "China"]
[Date "2019.08.21"]
[Round "13.4"]
[White "Xiao, Yiyi"]
[Black "Shen, Yang"]
[Result "1/2-1/2"]
[WhiteElo "2296"]
[BlackElo "2454"]
[PlyCount "82"]
[EventDate "2019.04.09"]
[EventType "team-tourn"]
[EventRounds "22"]
[EventCountry "CHN"]
[SourceTitle "EXT 2020"]
[Source "ChessBase"]
[SourceDate "2019.10.17"]
[SourceVersion "1"]
[SourceVersionDate "2019.10.17"]
[SourceQuality "1"]
[WhiteTeam "Tianjin"]
[BlackTeam "Jiangsu"]
[WhiteTeamCountry "CHN"]
[BlackTeamCountry "CHN"]

1. d4 d5 2. c4 c6 3. Nc3 Nf6 4. e3 g6 5. Nf3 Bg7 6. Be2 0-0 7. 0-0 Bg4 8. cxd5 cxd5 9. Qb3 b6 10. h3 Bc8 11. Rd1 Bb7 12. Ne5 e6 13. Bd2 Nfd7 14. Nxd7 Qxd7 15. Rdc1 Rc8 16. Bb5 Nc6 17. Ne2 Qd8 18. Nf4 a6 19. Bf1 Bh6 20. Ne2 Bf8 21. Nf4 Bh6 22. Ne2 Ne7 23. a4 Nf5 24. Bb4 a5 25. Ba3 Ba6 26. Rc3 Rxc3 27. Nxc3 Bxf1 28. Rxf1 Rc8 29. Ne2 Rc6 30. Qd3 Qc8 31. g4 Nd6 32. Bxd6 Rxd6 33. Rc1 Rc6 34. Rc3 Bf8 35. Qb5 Rxc3 36. Nxc3 Qc7 37. Kg2 Kg7 38. Ne2 Bd6 39. Qd3 Qd8 40. Qc2 h5 41. Qc6 hxg4 1/2-1/2